| 000 | 00480nam a2200169 i 4500 | ||
|---|---|---|---|
| 001 | 147618 | ||
| 003 | ES-MaACL | ||
| 005 | 20230906202152.0 | ||
| 007 | t| | ||
| 008 | 071004s1977 sp ||||1| spa d | ||
| 080 | _a342.1(861)(094.4) | ||
| 100 | 1 |
_aUribe Vargas, Diego. _9112166 |
|
| 245 | 1 | 4 |
_aLas constituciones de Colombia / _cDiego Uribe Vargas. |
| 260 |
_aMadrid : _bInstituto de Cultura Hispánica, _c1977. |
||
| 300 |
_a2 v. ; _c22 cm. |
||
| 852 | 4 |
_aES-MaACL _jA-7590-91 |
|
| 999 |
_c147618 _d147618 |
||